Los tratados de límites y la paz internacional Americana el tratado secreto de 1922 entre Colombia y el Perú (Registro nro. 62460)

Detalles MARC
000 -ENCABEZADO
Número de control [NR] 00677nam a2200181Ia 4500
008 - DE LONGITUD FIJA DE DATOS DE ELEMENTOS - INFORMACIÓN GENERAL
Elementos de longitud fija [NR] 130821s1922 ck gr spa
040 ## - FUENTE DE CATALOGACION [NR]
Agencia de catalogación original [NR] Co-BoUCM
Idioma de catalogación [NR] spa
041 00 - CODIGO DE IDIOMA [R]
Código de idioma para texto/pista de sonido o título separado [R] Español
100 1# - ASIENTO PRINCIPAL--NOMBRE PERSONAL [NR]
Nombre personal [NR] López, Jacinto
Fechas asociadas con el nombre [NR] 1864-
245 14 - MENCION DE TITULO [NR]
Título [NR] Los tratados de límites y la paz internacional Americana el tratado secreto de 1922 entre Colombia y el Perú
Mención de responsabilidad, etc. [NR] Jacinto López
260 ## - PUBLICACION, DISTRIBUCION, ETC. (PIE DE IMPRENTA) [R]
Lugar de publicación, distribución, etc. [R] Bogotá (Colombia)
Nombre del editor, distribuidor, etc. [R] Escuela Tip. Saleciana
Fecha de publicación, distribución, etc. [R] 1922-1930
300 ## - DESCRIPCION FISICA [R]
Extensión [R] 41 páginas
650 04 - ASIENTO SECUNDARIO DE MATERIA - TERMINO TEMATICO [R]
Término temático o nombre geográfico como elemento de entrada [NR] Tratado Salomón-Lozano
-- 922
651 #7 - ASIENTO SECUNDARIO DE MATERIA - NOMBRE GEOGRAFICO [R]
Nombre geográfico [NR] Colombia
Subdivisión general [R] Limites
Subdivisión geográfica [R] Perú
9 (RLIN) 26606
651 #7 - ASIENTO SECUNDARIO DE MATERIA - NOMBRE GEOGRAFICO [R]
Nombre geográfico [NR] Perú
Subdivisión general [R] Limites
Subdivisión geográfica [R] Colombia
9 (RLIN) 26683
942 ## - ELEMENTOS DE ENTRADA AGREGADOS (KOHA)
Tipo de ítem principal el descrito en 300a Libro
Tema principal Derecho
Edición 1
Parte restante de la signatura top. L864
Sistema de clasificación DEWEY
Clasificación 341.42
Existencias
Total préstamos Signatura topográfica Código de barras Última vez visto Ejemplar Price effective from Tipo de ítem Perdido Sistema de clasificación Dañado No prestable Tipo de ítem específico Suprimido Ubicación habitual Ubicación actual Localización Fecha de creación Forma de adquisición Costo
  341.42 L864 3000991 15/12/2012 Ej.1 03/02/2013 Libro   DEWEY     Libro     Bib. Cavelier Acavalier 30/09/2009   0.00